00366nam a2200145 a 45000010005000000030009000050080041000140400028000550820015000831000017000982450031001152600035001463000010001816500029001915869CO-ViMGA141112s2004 ck r 000 u spa d aCO-ViMGAbspacCO-ViMGA04a926.1 M8571 aMunthe, Axel10aLa historia de san michele aBarcelona : bJuventud, c1990 a334 p14aMUNTHE, AXEL 1857 - 1949